Sports Quiz

Random Sports or Cricket Quiz
Score 0/138 Timer 20:00
2 Plays Today
Stats Name % Correct
26 centuries (HS 239)
2010-2020
Steven Smith
96.3%
41 centuries (HS 257)
1995-2012
Ricky Ponting
95.4%
20 centuries (HS 153*)
1991-2002
Mark Waugh
94.9%
32 centuries (HS 200)
1985-2004
Steve Waugh
94.9%
30 centuries (HS 380)
1994-2009
Matthew Hayden
94.8%
29 centuries (HS 334)
1928-1948
Donald Bradman
94.6%
28 centuries (HS 329*)
2004-2015
Michael Clarke
94.3%
24 centuries (HS 335*)
2011-2020
David Warner
94.3%
23 centuries (HS 250)
1993-2007
Justin Langer
94.1%
17 centuries (HS 204*)
1999-2008
Adam Gilchrist
93.1%
27 centuries (HS 205)
1978-1994
Allan Border
92.2%
2 centuries (HS 181)
2014-2019
Mitchell Marsh
91.9%
5 centuries (HS 182)
2011-2019
Shaun Marsh
91.7%
4 centuries (HS 138)
1985-1992
Geoff Marsh
91.5%
3 centuries (HS 132)
1970-1984
Rod Marsh
91.5%
19 centuries (HS 334*)
1989-1999
Mark Taylor
90.5%
1 century (HS 108)
1920-1926
Johnny Taylor
89.7%
24 centuries (HS 247*)
1970-1984
Greg Chappell
89.5%
14 centuries (HS 196)
1964-1980
Ian Chappell
89.5%
21 centuries (HS 200)
1984-1996
David Boon
89.3%
19 centuries (HS 195)
2005-2013
Michael Hussey
88.8%
3 centuries (HS 160)
2009-2013
Phillip Hughes
88%
9 centuries (HS 213)
1977-1984
Kim Hughes
87.9%
4 centuries (HS 169)
2008-2015
Brad Haddin
87.3%
1 century (HS 201*)
1996-2006
Jason Gillespie
86%
13 centuries (HS 165)
1992-2006
Damien Martyn
85.6%
14 centuries (HS 219)
1993-2001
Michael Slater
85.4%
4 centuries (HS 176)
2005-2015
Shane Watson
85.1%
4 centuries (HS 161*)
1988-1999
Ian Healy
85%
11 centuries (HS 216)
1984-1992
Dean Jones
83.4%
1 century (HS 123*)
2007-2015
Mitchell Johnson
81.5%
10 centuries (HS 157)
2001-2010
Simon Katich
79.8%
4 centuries (HS 215)
2018-2020
Marnus Labuschagne
79%
8 centuries (HS 174)
2011-2019
Usman Khawaja
78.8%
5 centuries (HS 269*)
2015-2016
Adam Voges
78%
3 centuries (HS 122)
1952-1964
Richie Benaud
77.8%
4 centuries (HS 117)
2012-2020
Matthew Wade
77.8%
1 century (HS 142)
1972-1973
John Benaud
77.4%
5 centuries (HS 177)
1998-2004
Darren Lehmann
77.2%
10 centuries (HS 311)
1957-1978
Bob Simpson
76.5%
2 centuries (HS 162*)
2004-2008
Andrew Symonds
76.5%
21 centuries (HS 205)
1948-1963
Neil Harvey
75.4%
13 centuries (HS 210)
1961-1971
Bill Lawry
75.2%
4 centuries (HS 214)
1995-2000
Greg Blewett
75%
5 centuries (HS 173)
2008-2015
Chris Rogers
73.2%
15 centuries (HS 250)
1965-1981
Doug Walters
71.9%
Stats Name % Correct
9 centuries (HS 172)
1978-1988
Graeme Wood
70.7%
5 centuries (HS 128)
2009-2010
Marcus North
70.6%
8 centuries (HS 268)
1976-1984
Graham Yallop
70%
1 century (HS 203*)
2005-2008
Brad Hodge
69.3%
3 centuries (HS 199)
1996-2004
Matthew Elliott
69.3%
7 centuries (HS 147)
1946-1956
Keith Miller
68.2%
2 centuries (HS 161)
2018-2020
Travis Head
67.5%
8 centuries (HS 214*)
1899-1912
Victor Trumper
67%
7 centuries (HS 266)
1924-1934
Bill Ponsford
64.6%
12 centuries (HS 206)
1946-1955
Arthur Morris
64.4%
3 centuries (HS 150)
2005-2008
Phil Jaques
62.6%
2 centuries (HS 110)
2016-2019
Peter Handscomb
61.2%
5 centuries (HS 307)
1964-1968
Bob Cowper
61.1%
1 century (HS 136)
2011-2013
Ed Cowan
60.7%
4 centuries (HS 180)
2014-2020
Joe Burns
59.3%
1 century (HS 165*)
1877-1879
Charles Bannerman
59.1%
8 centuries (HS 171)
1964-1976
Ian Redpath
58.9%
1 century (HS 184)
2016-2018
Matt Renshaw
58.9%
7 centuries (HS 161)
1926-1934
Bill Woodfull
58%
6 centuries (HS 159*)
1902-1921
Warwick Armstrong
57.9%
7 centuries (HS 207)
1966-1974
Keith Stackpole
57.7%
1 century (HS 100*)
2002-2003
Martin Love
56.9%
4 centuries (HS 130)
1983-1993
Greg Matthews
56.7%
4 centuries (HS 179)
1982-1985
Kepler Wessels
56.6%
10 centuries (HS 198*)
1938-1953
Lindsay Hassett
55.6%
6 centuries (HS 232)
1930-1938
Stan McCabe
55.4%
4 centuries (HS 206*)
1934-1948
Bill Brown
54.3%
7 centuries (HS 191)
1896-1912
Clem Hill
54.2%
1 century (HS 143*)
1977-1985
David Hookes
54.1%
1 century (HS 104)
2013-2017
Glenn Maxwell
53.5%
2 centuries (HS 118)
1946-1960
Ray Lindwall
53.3%
3 centuries (HS 234)
1938-1948
Sid Barnes
52.6%
2 centuries (HS 106)
1989-1992
Tom Moody
52.5%
1 century (HS 138)
1924-1936
Vic Richardson
52.4%
1 century (HS 100)
1924-1926
Arthur Richardson
52.3%
2 centuries (HS 159)
1983-1986
Wayne Phillips
50.4%
5 centuries (HS 170)
1952-1961
Colin McDonald
50.3%
4 centuries (HS 127)
1975-1980
Rick McCosker
49.9%
2 centuries (HS 127*)
1977-1984
John Dyson
49.8%
1 century (HS 136)
1975-1977
Alan Turner
47.1%
1 century (HS 114*)
2019
Kurtis Patterson
46.9%
2 centuries (HS 119)
1920-1928
Jack Gregory
46.1%
4 centuries (HS 201)
1899-1912
Syd Gregory
46.1%
1 century (HS 164)
1929-1931
Archie Jackson
45.7%
2 centuries (HS 119)
1979-1985
Andrew Hilditch
45.6%
6 centuries (HS 181)
1958-1965
Norm O'Neill
45.4%
Stats Name % Correct
2 centuries (HS 170*)
1972-1975
Ross Edwards
44.7%
3 centuries (HS 146)
1982-1987
Greg Ritchie
44.6%
1 century (HS 105)
1974-1977
Ian Davis
44%
1 century (HS 103)
1981-1987
Dirk Wellham
43.8%
1 century (HS 101)
1974-1977
Gary Gilmour
42.3%
4 centuries (HS 181)
1955-1966
Peter Burge
39.7%
5 centuries (HS 169)
1961-1966
Brian Booth
39.7%
3 centuries (HS 201*)
1920-1929
Jack Ryder
39.3%
1 century (HS 133)
1898-1909
Monty Noble
38.8%
6 centuries (HS 193*)
1909-1926
Warren Bardsley
38%
2 centuries (HS 168)
1975-1978
Gary Cosier
37.6%
7 centuries (HS 170)
1907-1926
Charles Macartney
36.9%
2 centuries (HS 211)
1877-1890
Billy Murdoch
36.7%
3 centuries (HS 178)
1894-1905
Joe Darling
36.6%
5 centuries (HS 136)
1932-1938
Jack Fingleton
36.5%
4 centuries (HS 203)
1920-1926
Herbie Collins
36%
1 century (HS 128)
1953-1956
Ron Archer
35.7%
2 centuries (HS 146)
1925-1934
Alan Kippax
35%
1 century (HS 122)
1977-1980
Peter Toohey
35%
3 centuries (HS 189)
1951-1959
Jim Burke
34.6%
1 century (HS 105)
1977-1978
Tony Mann
32.2%
1 century (HS 104*)
1946-1950
Colin McCool
31.8%
2 centuries (HS 127)
1967-1974
Paul Sheahan
30.8%
1 century (HS 124)
1977-1978
Craig Serjeant
30.7%
1 century (HS 161)
1882-1896
George Giffen
30.1%
1 century (HS 143)
1888-1898
Harry Trott
28.6%
1 century (HS 101)
1948-1951
Sam Loxton
26.7%
2 centuries (HS 146)
1902-1905
Reggie Duff
26.1%
1 century (HS 118)
1936-1938
Jack Badcock
26%
1 century (HS 128)
1880-1888
George Bonnor
25%
1 century (HS 109)
1934-1938
Arthur Chipperfield
24.3%
1 century (HS 124)
1877-1885
Tom Horan
24.2%
1 century (HS 101)
1954-1961
Les Favell
24.1%
1 century (HS 112)
1921-1929
Stork Hendry
24.1%
1 century (HS 143*)
1907-1912
Vernon Ransford
23.9%
2 centuries (HS 140)
1894-1899
Frank Iredale
23.6%
3 centuries (HS 147)
1880-1888
Percy McDonnell
23.1%
3 centuries (HS 147)
1910-1928
Charles Kelleway
22.7%
1 century (HS 102)
1884-1886
Tup Scott
21.1%
1 century (HS 116)
1908
Roger Hartigan
20.9%
2 centuries (HS 116)
1920-1921
Nip Pellew
20.9%
2 centuries (HS 107)
1893-1896
Harry Graham
20.5%
1 century (HS 112)
1894-1905
Charlie McLeod
20.2%
2 centuries (HS 118)
1949-1952
Jack Moroney
19.7%
1 century (HS 134)
1887-1897
John Lyons
18.6%
1 century (HS 127)
1931-1937
Keith Rigg
18.2%
Remove Ads.
Support Sporcle.
Get the best of Sporcle when you Go Orange. This ad-free experience offers more features, more stats, and more fun while also helping to support Sporcle. Thank you for becoming a member.

You're not logged in!

Compare scores with friends on all Sporcle quizzes.
OR
Log In

Show Comments

Extras

Top Quizzes Today


Score Distribution

Your Account Isn't Verified!

In order to create a playlist on Sporcle, you need to verify the email address you used during registration. Go to your Sporcle Settings to finish the process.

Report this User

Report this user for behavior that violates our Community Guidelines.

Details: